000 00434nam a2200169 a 4500
005 20140310183231.0
008 040422s19uu xx 00 eng d
020 _a0330325418
050 _aPR 6053.O425
_b.C712 1995
100 _aCollins, Jackie
245 _aHollywood kids /
_cJackie Collins
260 _aLondon :
_bMacmillan,
_c1994.
300 _a583 p. :
_c17 cm.
650 _aFiction
942 _cBK
_2lcc
999 _c20499
_d20499